Music Quiz

Random Music or Song Quiz

Is this song about a real person? part II Quiz Stats

 Plays Quiz not verified by Sporcle

Score 0/24 Timer 09:00
0 Plays Today
name of song - artist y(es) or n(o) % Correct
Hey Jude - The Beatles???
91.6%
Layla - Derek and the Dominos???
86.7%
Good Golly Miss Molly - Little Richard???
80.7%
Major Tom (Coming Home) - Tom Schilling???
78.3%
So Long, Marianne - Leonard Cohen???
77.1%
Kathy's Song - Simon & Garfunkel???
74.7%
Vincent - Don McLean???
73.5%
Victoria - The Kinks???
73.5%
Dear Prudence - The Beatles???
69.9%
Song For Guy - Elton John???
68.7%
Proud Mary - Creedence Clearwater Revival???
67.5%
Michelle - The Beatles???
63.9%
name of song - artist y(es) or n(o) % Correct
Lovely Rita - The Beatles???
62.7%
Daniel - Elton John???
61.4%
Frederick - Patti Smith???
60.2%
Ode To Billie Joe - Bobbie Gentry???
60.2%
Gimme Hope Jo'anna - Eddy Grant???
59%
Elenore - The Turtles???
57.8%
My Sharona - The Knack???
56.6%
Walk Away Renée - The Left Banke???
56.6%
Seamus - Pink Floyd???
54.2%
Sheena Is A Punk Rocker - The Ramones???
50.6%
The Wind Cries Mary - Jimi Hendrix???
41%
Melissa - The Allman Brothers Band???
27.7%

You're not logged in!

Compare scores with friends on all Sporcle quizzes.
OR
Log In

Sporcle TV

Today on Sporcle TV


Watch our educational content, quiz creation guides, and fun videos on Sporcle TV.

Show Comments

Extras

Top Quizzes Today


Score Distribution

Your Account Isn't Verified!

In order to create a playlist on Sporcle, you need to verify the email address you used during registration. Go to your Sporcle Settings to finish the process.

Report this User

Report this user for behavior that violates our Community Guidelines.

Details: